1022 1538 1884 1648 1707 1899 1484 1745 1301 1868 1885 1560 1923 1662 1497 1418 1869 1365 1346 1801 1107 1401 1188 1479 1535 1624 1925 1219 1790 1409 1105 1806 1784 1726 1182 1184 1225 1881 1731 1904 1706 1685 1712 1478 1785 1787 1714 1864 1763 1629 1115 1235 1397 1754 1476 1394 1184 1812 1983 1397 1176 1657 1777 1389 1109 1485 1830 1565 1836 1356 1977 1493 1829 1057 1595 1578 1638 1662 1755 1954 1068 1088 1157 1126 1973 1304 1231 1110 1102 1871 1622 1469 1683 1674 1181 1301 1065 1148 1043 BCNSPRNW ULIB Ver.6.0+V

เปลี่ยนเป็นภาษาไทย

Change to English
 แสดงรายละเอียดบรรณานุกรม
  กลับหน้าหลัก

Brief Record : Get Marc (ISO 2709) : E-mail record : QR code < ปิดหน้าต่าง
LEADER : 00000nam 2200000uu 4500
001    13399112840
003     ULIB
008    110913s2553||||th 000 0 tha d
020    9786169030348
090    นว.^bว679บ 2553
100 0  วิรมย์รดา
245 00 บัลลังก์เสน่หา/^cวิรมย์รดา
250    พิมพ์ครั้งที่ 1
260    กรุงเทพฯ :^bคูลแคท,^c2553
300    253 หน้า
710 1  คูลแคท
945    ^p179^l0^i17075
995    กัณชพร
999    ^aใช้งานได้ทุกระบบ
รายการนี้ยังไม่มีแท็ก
คุณยังไม่ได้ล็อกอิน คุณสามารถมีกิจกรรมร่วมกับเว็บไซต์ได้ แต่ต้องล็อกอินก่อน ::
  ล็อกอิน

รายการสื่อสารสนเทศ

ลำดับที่ ประเภท เลขเรียก/บาร์โค้ด สถานที่ สถานะ
1. นวนิยาย
นวนิยาย
นว. ว679บ 2553  
  Barcode: 17075
ห้องสมุดวิทยาเขตสวรรค์ประชารักษ์
►นวนิยาย
ถูกยืม กำหนดส่งวันที่ 7 พฤศจิกายน 2562
  จอง

BibComment


ยังไม่เคยถูกคอมเมนท์

คอมเมนท์ทรัพยากรรายการนี้
  คอมเมนท์: บัลลังก์เสน่หา วิ..


 Copyright 2026. Bcnsprnw @Library